Radiología pediátrica para pediatras / (Registro nro. 2573)
[ vista simple ]
| 000 -LEADER | |
|---|---|
| fixed length control field | 01484nam a2200433 a 4500 |
| 005 - FECHA ULTIMA MODIFICACION | |
| control field | 20240416133505.0 |
| 008 - CAMPO DE CONTROL (LIBRO) | |
| fixed length control field | 100930t2009||||ag a f |||| 001 0 spa d |
| 020 ## - INTERNATIONAL STANDARD BOOK NUMBER | |
| ISBN | 9789871259199 |
| 041 ## - CODIGO DE IDIOMA | |
| Código de idioma del texto/pista de sonido o título separado | spa |
| 092 ## - SIGNATURA TOPOGRAFICA DEWEY LOCAL | |
| número de clasificación | 618.92 |
| libristica | 49 |
| sección | LOP |
| 100 1# - ENTRADA PRINCIPAL--NOMBRE PERSONAL | |
| Nombre personal | López Marure, Eloy |
| 9 (RLIN) | 3366 |
| 245 ## - TITULO PROPIAMENTE DICHO | |
| Título | Radiología pediátrica para pediatras / |
| Mención de responsabilidad y remanente de la transcripción de la portada | Eloy López Marure |
| 250 ## - MENCION DE EDICION | |
| Mención de edición | 1a ed. |
| 260 ## - PIE DE IMPRENTA | |
| Lugar de publicación, distribución, etc | Buenos Aires: |
| Nombre de la editorial, distribuidor, etc | Journal; |
| Fecha de publicación | 2009. |
| 300 ## - DESCRIPCION FISICA | |
| Extension | 304 p. |
| Otros detalles físicos | il. |
| Dimensiones | 28x20 cm. |
| 500 ## - NOTA GENERAL | |
| Nota general | López Marure, E. (2009). Radiología pediátrica para pediatras. (1a ed.). Buenos Aires : Journal. |
| 590 ## - NOTAS LOCALES (RLIN) | |
| Nota local | Donación Noviembre 2017 |
| 653 ## - TÉRMINO INDIZADO - PALABRAS CLAVES | |
| Palabra clave | Radiólogo pediatra en Latinoamérica |
| 653 ## - TÉRMINO INDIZADO - PALABRAS CLAVES | |
| Palabra clave | Radioprotección en el diagnóstico por imágenes pediátrico |
| 653 ## - TÉRMINO INDIZADO - PALABRAS CLAVES | |
| Palabra clave | Crisis convulsivas |
| 653 ## - TÉRMINO INDIZADO - PALABRAS CLAVES | |
| Palabra clave | Traumatismo craneoencefálico |
| 653 ## - TÉRMINO INDIZADO - PALABRAS CLAVES | |
| Palabra clave | Infecciones del sistema nervioso central |
| 653 ## - TÉRMINO INDIZADO - PALABRAS CLAVES | |
| Palabra clave | Sinusitis e hipertrofia de adenoides |
| 653 ## - TÉRMINO INDIZADO - PALABRAS CLAVES | |
| Palabra clave | Neumonía |
| 653 ## - TÉRMINO INDIZADO - PALABRAS CLAVES | |
| Palabra clave | Derrame pleural |
| 653 ## - TÉRMINO INDIZADO - PALABRAS CLAVES | |
| Palabra clave | Neumotorax y neumomediastino |
| 653 ## - TÉRMINO INDIZADO - PALABRAS CLAVES | |
| Palabra clave | Abdomen agudo |
| 653 ## - TÉRMINO INDIZADO - PALABRAS CLAVES | |
| Palabra clave | Constipación |
| 653 ## - TÉRMINO INDIZADO - PALABRAS CLAVES | |
| Palabra clave | Reflujo gastroesofáfico |
| 653 ## - TÉRMINO INDIZADO - PALABRAS CLAVES | |
| Palabra clave | Lesiones deportivas |
| 653 ## - TÉRMINO INDIZADO - PALABRAS CLAVES | |
| Palabra clave | Escroto agudo |
| 653 ## - TÉRMINO INDIZADO - PALABRAS CLAVES | |
| Palabra clave | Cojera |
| 653 ## - TÉRMINO INDIZADO - PALABRAS CLAVES | |
| Palabra clave | Osteomielitis y artritis piógenas |
| 653 ## - TÉRMINO INDIZADO - PALABRAS CLAVES | |
| Palabra clave | Traumatismo musculoesquelético |
| 653 ## - TÉRMINO INDIZADO - PALABRAS CLAVES | |
| Palabra clave | Infecciones de las vías urinarias |
| 653 ## - TÉRMINO INDIZADO - PALABRAS CLAVES | |
| Palabra clave | Síndrome del maltrato al menor |
| 653 ## - TÉRMINO INDIZADO - PALABRAS CLAVES | |
| Palabra clave | Cardiopatías congénitas |
| 942 ## - ADDED ENTRY ELEMENTS (KOHA) | |
| Source of classification or shelving scheme | Dewey Decimal Classification |
| Item type | Libros |
| Estado de retiro | Existencia | Fuente de clasificación | Estado general | No para prestamo | Ubicación permanente | ubicación actual | Sala de ubicación | Fecha de adquisición | Fuente de adquisición | Total Checkouts | Número de clasificación | Código de barras | Date last seen | Número de ejemplar | Price effective from | Koha tipo de elemento (item) | Public note |
|---|---|---|---|---|---|---|---|---|---|---|---|---|---|---|---|---|---|
| Dewey Decimal Classification | Biblioteca Medicina | Biblioteca Medicina | Circulación | 13/11/2017 | Donación Dr. Jorge Noberto Troba. Noviembre, 2017. | 618.92 49 LOP | 4034 | 13/11/2017 | Ej. 1 | 13/11/2017 | Libros | Donación Dr. Jorge Noberto Troba. Noviembre, 2017. |